General Knowledge II - Statistics

General Stats
  • This quiz has been taken 38 times
  • The average score is 7 of 15
Answer Stats
Question Answer % Correct
How many Chance spaces are there on a monopoly board? 3
70%
How many times have Brazil won the World Cup? 5
70%
What is the capital of Belarus? Minsk
70%
What is the more common name for the mandible? Jaw
67%
Canada and Sebastopol are varieties of which animal? Goose
53%
What is Paddington Bear's favourite sandwich filling? Marmalade
53%
In what city was Martin Luther King Jr. assassinated? Memphis
47%
What biscuit is named after an Italian nationalist? Garibaldi
40%
Who wrote Lord of the Flies? William Golding
37%
Who starred alongside Robert Webb in Peep Show? David Mitchell
33%
Who is Lisa's elementary school teacher in The Simpsons? Miss Hoover
33%
Who is known as the Nine Days Queen? Lady Jane Grey
30%
Which band wrote Send Me On My Way? Rusted Root
23%
Which farmer in Roald Dahl's Fantastic Mr Fox, brewed cider? Bean
20%
Who proved Fermat's Last Theorem in 1994? Andrew Wiles
17%
No matching quizzes found
Score Distribution
Percent of People with Each Score
Percentile by Number Answered
Your Score History
You have not taken this quiz